Govt. of
Madhya Pradesh

The Hindu Temple (Record no. 39713)

MARC details
000 -LEADER
fixed length control field 004220000a22001690004500
003 - CONTROL NUMBER IDENTIFIER
control field MACL
005 - DATE AND TIME OF LATEST TRANSACTION
control field 20160119124216.0
008 - FIXED-LENGTH DATA ELEMENTS--GENERAL INFORMATION
fixed length control field 160119b xxu||||| |||| 00| 0 eng d
040 ## - CATALOGING SOURCE
Original cataloging agency MACL
Transcribing agency MACL
041 ## - LANGUAGE CODE
Language code of text/sound track or separate title English
082 ## - DEWEY DECIMAL CLASSIFICATION NUMBER
Classification number 294/KAR
100 ## - MAIN ENTRY--PERSONAL NAME
Personal name Kramrisch, Stella
9 (RLIN) 7758
245 ## - TITLE STATEMENT
Title The Hindu Temple
260 ## - PUBLICATION, DISTRIBUTION, ETC. (IMPRINT)
Name of publisher, distributor, etc. University of Calcutta
Date of publication, distribution, etc. 1946
Place of publication, distribution, etc. Calcutta
650 ## - SUBJECT ADDED ENTRY--TOPICAL TERM
Topical term or geographic name as entry element Religion
9 (RLIN) 33126
942 ## - ADDED ENTRY ELEMENTS (KOHA)
Koha item type Books
Call number prefix 294/KAR
Source of classification or shelving scheme
Holdings
Withdrawn status Lost status Source of classification or shelving scheme Damaged status Not for loan Home library Current library Shelving location Date acquired Total Checkouts Full call number Barcode Date last seen Uniform Resource Identifier Price effective from Koha item type
          MACL MACL Reference 15/04/2015   294/KAR RBKS RB006193 29/04/2015 39950 15/04/2015 Books